000 00941nam a22002897a 4500
003 CHAP
005 20220817041843.0
008 971013s1972 r 10010 d
010 _a26573
011 _a27545
035 _a31646
040 _cCHAP
082 _a634.9063
_bC66f 1972
111 0 0 _aCongreso Forestal Mundial (
_n7
_d: 1972
_c: Buenos Aires)
245 _aFestival internacional de pelĂ­culas forestales
260 _aBuenos Aires :
_bServicios Nacionales Forestal,
_c1972
300 _a109 p.
590 _aBATCH-UPD
_b10
_c20130110
_lUCH01
_h1655
590 _aBATCH-UPD
_b10
_c20130410
_lUCH01
_h1044
590 _aBATCH-UPD
_b10
_c20130914
_lUCH01
_h0710
590 _aCONVERSION
_b10
_c20130109
_lUCH01
_h1315
650 1 4 _aBosques
_xCongresos.
_914116
650 1 4 _aPelĂ­culas en agricultura.
_986646
901 _aBK
942 _cLIBRO
949 _a634.9063 C66f 1972
_bBC
_cLIBRO
_d33724000690632
_eLIBRO
_h13055
_i31646
_mD
_si
999 _c26573
_d26573